Teaching children mathematics

Αποθηκεύτηκε σε:
Λεπτομέρειες βιβλιογραφικής εγγραφής
Κύριος συγγραφέας: Ballew, Hunter
Μορφή: Βιβλίο
Γλώσσα:English
Δημοσίευση: Columbus, Ohio : Charles E. Merrill, 1973
Θέματα:
Ετικέτες: Προσθήκη ετικέτας
Δεν υπάρχουν, Καταχωρήστε ετικέτα πρώτοι!

MARC

LEADER 00000nam a2200000 i 4500
001 1/71000
008 960717s1973 eng d
020 |a 0-675-08982-4 
035 |a 1988  |c Αγορά  |l 10030818 
040 |a GR-MY-UA  |b gre  |e aacr 
041 0 |a eng 
082 0 |a 372.73044 
100 1 |a Ballew, Hunter. 
245 1 0 |a Teaching children mathematics /  |c Hunter Ballew 
260 |a Columbus, Ohio :   |b Charles E. Merrill,   |c 1973 
300 |a 479 p. 
650 0 0 |a Mathematics  |x Study and teaching (Elementary) 
852 |a INST  |b RHODES  |e 19960717  |h 372.73044 BAL  |p 005400002581  |q 005400002581  |t BK  |y 0 
909 |a Ρ  |b 010435  |c 1088